World City Populations 2023 - Top 100 - Statistics

General Stats
  • This quiz has been taken 52 times
    32 since last reset
  • The average score is 71 of 100
Answer Stats
Population Country Answer % Correct
32,941,309 India Delhi
100%
37,194,105 Japan Tokyo
100%
21,766,214 China Beijing
97%
15,490,415 Argentina Buenos Aires
97%
22,183,201 Egypt Cairo
97%
7,684,801 Hong Kong Hong Kong
97%
15,945,912 Nigeria Lagos
97%
9,648,110 United Kingdom London
97%
22,281,442 Mexico Mexico City
97%
12,680,389 Russia Moscow
97%
21,296,517 India Mumbai
97%
11,208,440 France Paris
97%
13,727,720 Brazil Rio De Janeiro
97%
22,619,736 Brazil Sao Paulo
97%
9,988,049 South Korea Seoul
97%
29,210,808 China Shanghai
97%
11,069,982 Thailand Bangkok
94%
15,847,768 Turkey Istanbul
94%
4,315,671 Italy Rome
94%
7,711,305 Iraq Baghdad
90%
5,687,356 Spain Barcelona
90%
11,507,960 Colombia Bogota
90%
4,890,280 South Africa Cape Town
90%
9,320,866 Vietnam Ho Chi Minh City
90%
11,248,839 Indonesia Jakarta
90%
17,236,230 Pakistan Karachi
90%
11,204,382 Peru Lima
90%
6,751,374 Spain Madrid
90%
14,667,089 Philippines Manila
90%
5,235,407 Australia Melbourne
90%
7,888,121 United States New York City
90%
6,080,859 Singapore Singapore
90%
5,120,894 Australia Sydney
90%
9,499,781 Iran Tehran
90%
5,588,477 Egypt Alexandria
87%
5,397,098 Turkey Ankara
87%
6,198,016 South Africa Johannesburg
87%
16,315,534 DR Congo Kinshasa
87%
19,013,434 Japan Osaka
87%
7,682,430 Saudi Arabia Riyadh
87%
5,561,294 Russia Saint Petersburg
87%
23,209,616 Bangladesh Dhaka
84%
5,253,885 Vietnam Hanoi
84%
4,588,666 Afghanistan Kabul
84%
8,621,724 Malaysia Kuala Lumpur
84%
5,325,160 Kenya Nairobi
84%
4,420,855 Israel Tel Aviv
84%
13,607,800 India Bengaluru
81%
6,903,392 Chile Santiago
81%
6,371,958 Canada Toronto
81%
8,718,250 China Wuhan
81%
11,776,147 India Chennai
77%
14,284,353 China Guangzhou
77%
6,344,348 Sudan Khartoum
77%
15,332,793 India Kolkata
77%
5,460,591 Ethiopia Addis Ababa
74%
7,775,865 Tanzania Dar Es Salaam
74%
4,873,048 Brazil Brasilia
71%
13,979,390 Pakistan Lahore
71%
9,292,336 Angola Luanda
71%
17,340,304 China Chongqing
68%
5,419,880 Mexico Guadalajara
68%
10,801,163 India Hyderabad
68%
4,862,941 Saudi Arabia Jeddah
68%
5,116,647 Mexico Monterrey
68%
9,569,328 Japan Nagoya
68%
5,610,241 Myanmar Yangon
68%
9,653,772 China Chengdu
65%
5,686,350 Ivory Coast Abidjan
61%
9,698,464 China Nanjing
61%
4,509,287 Cameroon Yaounde
61%
6,247,889 Brazil Belo Horizonte
58%
13,072,633 China Shenzhen
58%
8,650,605 India Ahmedabad
55%
8,237,206 China Hangzhou
55%
7,166,374 India Pune
55%
14,238,643 China Tianjin
55%
5,379,660 Bangladesh Chittagong
52%
5,490,271 Japan Fukuoka
52%
4,348,481 Nigeria Kano
52%
5,986,525 China Qingdao
45%
8,064,949 India Surat
45%
7,680,967 China Shenyang
42%
4,761,284 China Kunming
39%
5,859,272 China Zhengzhou
39%
4,921,487 China Changsha
35%
6,077,995 China Dalian
35%
7,587,049 China Dongguan
35%
4,615,758 China Hefei
35%
4,865,038 China Urumqi
35%
4,504,147 Taiwan New Taipei
32%
4,573,713 China Shantou
32%
4,537,901 China Ningbo
29%
4,710,382 China Changchun
26%
8,074,031 China Suzhou
23%
7,597,386 China Foshan
19%
4,370,473 China Shijiazhuang
16%
6,803,811 China Haerbin
3%
5,806,031 China Ji Nan Shandong
3%
8,785,174 China Xi An Shaanxi
0%
No matching quizzes found
Score Distribution
Percent of People with Each Score
Percentile by Number Answered
Your Score History
You have not taken this quiz since the last reset